[Event "Avoine op 15th"]
[Site "Avoine"]
[Date "2000.07.26"]
[Round "5"]
[White "Olarasu, Gabriela"]
[Black "Dumitrache, Dragos"]
[Result "0-1"]
[WhiteElo "2373"]
[BlackElo "2443"]
[PlyCount "74"]
[EventDate "2000.07.03"]
[Source "www.chesslib.no"]
[SourceDate "2004.05.04"]

1. d4 d5 2. c4 e6 3. Nf3 Nf6 4. Bg5 h6 5. Bxf6 Qxf6 6. e3 c6 7. Nc3 Nd7 8. a3 g6 9. e4 dxe4 10. Nxe4 Qf4 11. Bd3 Bg7 12. O-O O-O 13. g3 Qc7 14. c5 e5 15. Nd6 exd4 16. b4 b6 17. Re1 bxc5 18. Ne8 Qd8 19. Nxg7 Kxg7 20. Be4 Rb8 21. Rc1 cxb4 22. Qxd4+ Nf6 23. Qb2 Rb6 24. Bxc6 bxa3 25. Qxa3 Ra6 26. Qc3 Qa5 27. Qe3 Qb6 28. Qc3 Ra2 29. Nd4 Qb2 30. Qxb2 Rxb2 31. Re7 Rd8 32. Nb5 a6 33. Na3 Be6 34. Rc2 Rd1+ 35. Kg2 Rxc2 36. Nxc2 Rc1 37. Ba4 Nd5 0-1

[Event "Velden Open"]
[Site "Velden GER"]
[Date "1994.??.??"]
[Round "2"]
[White "Frosch, Erich"]
[Black "Palac, Mladen"]
[Result "0-1"]
[WhiteElo "2280"]
[BlackElo "2505"]
[PlyCount "70"]
[EventDate "1994.07.??"]
[Source "www.chesslib.no"]
[SourceDate "2004.05.04"]

1. d4 d5 2. c4 e6 3. Nf3 Nf6 4. Bg5 dxc4 5. Qa4+ Nbd7 6. Qxc4 a6 7. Nbd2 c5 8. dxc5 Bxc5 9. b4 b5 10. Qb3 Bd6 11. e4 Bb7 12. a4 bxa4 13. Qxa4 O-O 14. Nc4 Nb6 15. Bxf6 gxf6 16. Qb3 Bxe4 17. Nfd2 Bd5 18. Bd3 f5 19. Qb2 Nxc4 20. Bxc4 Bb7 21. Ra3 Qg5 22. h4 Qg7 23. Qa2 Kh8 24. Rhh3 Bxb4 25. Rad3 Rad8 26. Rhg3 Qf6 27. Kf1 f4 28. Rxd8 Rxd8 29. Rd3 Rxd3 30. Bxd3 Qc3 31. Ke2 a5 32. Be4 Ba6+ 33. Kd1 a4 34. Nf3 Bc4 35. Qb1 a3 0-1

[Event "17th TCh-SLO w"]
[Site "Ljubljana SLO"]
[Date "2007.12.09"]
[Round "9"]
[White "Ushenina, A."]
[Black "Rozic, V."]
[Result "1/2-1/2"]
[WhiteElo "2486"]
[BlackElo "2277"]
[PlyCount "193"]
[EventDate "2007.11.29"]
[Source "www.chesslib.no"]
[SourceDate "2004.05.04"]

1. d4 d5 2. c4 e6 3. Nf3 Nf6 4. Bg5 c6 5. Nbd2 Be7 6. e3 b6 7. Bd3 Bb7 8. O-O h6 9. Bh4 O-O 10. Rc1 Nbd7 11. cxd5 exd5 12. Bf5 Re8 13. Bg3 c5 14. Ne5 Bf8 15. f4 Nxe5 16. dxe5 Ne4 17. Nxe4 dxe4 18. Qc2 Ba6 19. Bxe4 Bxf1 20. Bxa8 Qxa8 21. Rxf1 Rd8 22. Bh4 Rd7 23. e4 Rd4 24. Re1 Qc6 25. Bf2 Rd8 26. b3 b5 27. h3 a6 28. Rc1 Be7 29. Kh2 Rc8 30. f5 c4 31. bxc4 bxc4 32. Bd4 Qc7 33. Qc3 Bc5 34. Kh1 Bxd4 35. Qxd4 c3 36. e6 fxe6 37. fxe6 c2 38. Qd7 Qxd7 39. exd7 Rd8 40. Rxc2 Rxd7 41. Rc4 Kf7 42. Kh2 Ke6 43. Rc6+ Ke5 44. Rxa6 Kxe4 45. Kg3 Rd2 46. Rg6 Rxa2 47. Rxg7 Kf5 48. Kh4 Kf6 49. Rg8 Ra5 50. Kg3 Kf7 51. Rg4 Kf6 52. Kh4 Rb5 53. Rd4 Kg6 54. Rd6+ Kg7 55. Re6 Ra5 56. Kg4 Ra2 57. g3 Ra3 58. Kf4 Rb3 59. h4 Rb5 60. g4 Rb7 61. h5 Rb4+ 62. Kf5 Rb5+ 63. Re5 Rb7 64. Rd5 Ra7 65. Ke6 Ra4 66. Rd7+ Kg8 67. Kf5 Kf8 68. Rd6 Kg7 69. Rg6+ Kh7 70. Re6 Rb4 71. Re7+ Kg8 72. Re4 Rb5+ 73. Re5 Rb7 74. Re4 Rb5+ 75. Re5 Rb4 76. Re6 Kg7 77. Re7+ Kg8 78. Re4 Rb5+ 79. Kf6 Rb6+ 80. Re6 Rb4 81. Kg6 Rxg4+ 82. Kxh6 Rg1 83. Re8+ Kf7 84. Rc8 Rg2 85. Kh7 Rg7+ 86. Kh8 Rg5 87. h6 Rg6 88. Kh7 Rg1 89. Rc5 Rg2 90. Rf5+ Ke7 91. Kh8 Rg1 92. Rb5 Kf7 93. Rb7+ Kf8 94. Rg7 Rh1 95. Kh7 Rf1 96. Rg5 Kf7 97. Rg7+ 1/2-1/2

[Event "28th Elekes Mem IM"]
[Site "Budapest"]
[Date "2003.05.18"]
[Round "2"]
[White "Orso, Miklos"]
[Black "McDonald, Neil R"]
[Result "1/2-1/2"]
[WhiteElo "2362"]
[BlackElo "2392"]
[PlyCount "110"]
[EventDate "2003.05.17"]
[Source "Roberto Alvarez"]
[SourceDate "2003.06.03"]

1. d4 d5 2. c4 e6 3. Nf3 Nf6 4. Bg5 Be7 5. e3 h6 6. Bxf6 Bxf6 7. cxd5 exd5 8. Nc3 O-O 9. Bd3 c5 10. O-O cxd4 11. Nxd4 Nc6 12. Nxc6 bxc6 13. Rc1 Qd6 14. b3 Be5 15. g3 g6 16. Qc2 h5 17. Na4 Bh3 18. Rfd1 Rac8 19. Nc5 h4 20. Bf1 Bxf1 21. Kxf1 f5 22. Nd3 Bg7 23. Qc5 Qe6 24. Qb4 g5 25. Rc2 Rf7 26. Rdc1 d4 27. Qd2 Qe4 28. Kg1 hxg3 29. hxg3 Bf8 30. Ne1 Ba3 31. Rd1 Rh7 32. f3 Qxe3+ 33. Qxe3 dxe3 34. Ng2 Re8 35. Re1 Rhe7 36. Ree2 Re6 37. f4 gxf4 38. Nxf4 Rd6 39. Kg2 Bb4 40. Kf3 Bd2 41. Rc5 Rf8 42. Re5 Rh6 43. Ng2 Rh3 44. Re6 Kf7 45. Nf4 Rh1 46. Rxc6 Re8 47. Rc7+ Kg8 48. Nd5 Rd8 49. Nxe3 Bxe3 50. Rxe3 a5 51. Kf4 Rf1+ 52. Kg5 f4 53. gxf4 Rf8 54. Rg3 R8xf4 55. Rg4 Rf5+ 1/2-1/2

[Event "First Saturday GM - Novembre 2008"]
[Site "Budapest UNG"]
[Date "2008.11.08"]
[Round "8"]
[White "Nguyen, Huynh M.H"]
[Black "Wittmann, Valter"]
[Result "1-0"]
[WhiteElo "2452"]
[BlackElo "2281"]
[PlyCount "173"]
[EventDate "2008.11.01"]
[Source "www.chesslib.no"]
[SourceDate "2004.05.04"]

1. d4 d5 2. c4 e6 3. Nf3 Nf6 4. Bg5 dxc4 5. Qa4+ Nbd7 6. e3 Be7 7. Bxc4 O-O 8. Be2 c5 9. O-O a6 10. Qc2 Nd5 11. Bxe7 Qxe7 12. Nc3 Nxc3 13. Qxc3 b6 14. dxc5 Nxc5 15. Qb4 Rb8 16. Rfd1 Bb7 17. Qf4 Rbd8 18. Ne5 f6 19. Nc4 e5 20. Qf5 Be4 21. Qg4 b5 22. Na5 f5 23. Qg3 Ba8 24. f3 Na4 25. Rab1 Qc5 26. Qf2 Qb4 27. Nb3 Rxd1+ 28. Bxd1 Rd8 29. a3 Qe7 30. Bc2 g6 31. Nd2 Nc5 32. Qe2 Kg7 33. Rd1 Rd6 34. Nf1 Qd8 35. b4 Rxd1 36. Bxd1 Ne6 37. Bb3 Bd5 38. Qd3 Bxb3 39. Qxb3 Qd6 40. Kf2 f4 41. Qc3 Qc7 42. Qb3 Qd6 43. Qc3 Kf7 44. Ke2 Qd5 45. Kf2 Qd6 46. g3 g5 47. Qc2 Kg7 48. Qc3 Kf7 49. Nd2 h6 50. Ne4 fxe3+ 51. Qxe3 Qd4 52. Qxd4 Nxd4 53. Nc5 Nc2 54. Nxa6 Nxa3 55. Ke3 Ke6 56. Ke4 Nc2 57. Nc7+ Kf6 58. Nxb5 Nxb4 59. Nc3 Ke6 60. g4 Na6 61. Na4 Nb8 62. Nc5+ Kd6 63. Nd3 Nc6 64. Nb2 Kc5 65. Nd1 Kd6 66. Ne3 Ke6 67. Nf5 Kf6 68. Nxh6 Nd4 69. Nf5 Ne2 70. Ng3 Ng1 71. Nh5+ Ke6 72. Ke3 Nh3 73. Ke2 Kd5 74. Kf1 Kd4 75. Kg2 Ke3 76. Kxh3 Kxf3 77. Nf6 e4 78. Nxe4 Kxe4 79. Kg3 Ke5 80. h4 Kf6 81. h5 Ke6 82. Kf3 Ke5 83. Ke3 Kf6 84. Ke4 Ke6 85. Kd4 Kf6 86. Kd5 Kf7 87. Ke5 1-0

[Event "FSGM June"]
[Site "Budapest"]
[Date "2004.06.12"]
[Round "8"]
[White "Muir, Andrew J"]
[Black "Gonda, Laszlo"]
[Result "0-1"]
[WhiteElo "2335"]
[BlackElo "2397"]
[PlyCount "80"]
[EventDate "2004.06.05"]
[Source "Roberto Alvarez"]
[SourceDate "2004.06.13"]

1. d4 d5 2. c4 e6 3. Nf3 Nf6 4. Bg5 c6 5. e3 Nbd7 6. Nbd2 h6 7. Bh4 Be7 8. Bd3 b6 9. cxd5 exd5 10. O-O O-O 11. Rc1 Bb7 12. Qc2 Re8 13. Bf5 Nf8 14. Ne5 c5 15. Qa4 g6 16. Bh3 Ne4 17. Bxe7 Qxe7 18. Nxe4 dxe4 19. Rfd1 Red8 20. g3 Ne6 21. Qa3 Qf6 22. Qb3 Bd5 23. Qc3 cxd4 24. exd4 Ng5 25. Bg2 Qf5 26. Qe3 h5 27. h4 Nf3+ 28. Bxf3 exf3 29. Rc7 Rac8 30. Rdc1 Rxc7 31. Rxc7 Re8 32. Kh2 Qb1 33. Qc1 Qe4 34. Qd2 Qe2 35. Qxe2 fxe2 36. Rc1 f6 37. Nd3 Re4 38. Re1 Rxd4 39. Nf4 Bf3 40. Nxe2 Re4 0-1

[Event "Cappelle Open"]
[Site "Cappelle la Grande FRA"]
[Date "1991.??.??"]
[Round "?"]
[White "Hebden, Mark L"]
[Black "Poulton, James"]
[Result "1-0"]
[WhiteElo "2475"]
[BlackElo "2250"]
[PlyCount "101"]
[EventDate "1991.02.??"]
[Source "www.chesslib.no"]
[SourceDate "2004.05.04"]

1. d4 d5 2. c4 e6 3. Nf3 Nf6 4. Bg5 Nbd7 5. e3 Be7 6. Nbd2 O-O 7. Rc1 c5 8. cxd5 Nxd5 9. Bxe7 Qxe7 10. Bd3 b6 11. O-O Bb7 12. Bb5 cxd4 13. e4 N5f6 14. Rc7 Bc8 15. Qc2 Qd8 16. e5 Nd5 17. Rc4 Bb7 18. Ne4 Rc8 19. Rxc8 Qxc8 20. Qxc8 Bxc8 21. Rc1 Nb8 22. Nxd4 Bd7 23. g3 Rc8 24. Rxc8+ Bxc8 25. a3 Kf8 26. f4 a5 27. Kf2 Bd7 28. Bc4 Nc6 29. Nb5 Nce7 30. Nbd6 h6 31. h4 Bc6 32. Nc3 Nxc3 33. bxc3 Bd5 34. Be2 f6 35. exf6 gxf6 36. Bg4 Bb3 37. c4 f5 38. Bf3 Ba4 39. Ke3 Bd7 40. Kd4 Nc8 41. c5 Nxd6 42. cxd6 Kf7 43. Ke5 b5 44. Bh5+ Kg7 45. Bd1 a4 46. Kd4 Kf6 47. Bc2 Be8 48. Bd3 Bd7 49. Kc5 e5 50. Bxb5 exf4 51. gxf4 1-0

[Event "Casilda"]
[Site "Casilda"]
[Date "1984.??.??"]
[Round "3"]
[White "Barbero, Gerardo F"]
[Black "Bronstein, Luis Marcos"]
[Result "1/2-1/2"]
[WhiteElo "2305"]
[BlackElo "2415"]
[PlyCount "100"]
[EventDate "1984.??.??"]
[Source "ChessBase"]

1. d4 d5 2. c4 e6 3. Nf3 Nf6 4. Bg5 Bb4+ 5. Nbd2 h6 6. a3 hxg5 7. axb4 g4 8. Ne5 dxc4 9. Ndxc4 Qe7 10. Qa4+ Bd7 11. Nxd7 Nbxd7 12. g3 O-O 13. Bg2 c6 14. b5 Nb6 15. Qa3 Qxa3 16. Nxa3 Rfd8 17. bxc6 bxc6 18. e3 Nfd5 19. O-O Rab8 20. Rfc1 Na4 21. Nc4 Nxb2 22. Nxb2 Rxb2 23. Rxa7 Rdb8 24. Be4 Rd2 25. Ra6 Nf6 26. Bxc6 Rbb2 27. Ra8+ Kh7 28. Rf1 g6 29. Ra5 Kg7 30. Bg2 Rbc2 31. Ra7 Rb2 32. Raa1 Nh7 33. Rad1 Ng5 34. Rxd2 Rxd2 35. Rc1 f5 36. Kf1 Kf6 37. Ke1 Rb2 38. Rd1 Nf3+ 39. Bxf3 gxf3 40. Kf1 g5 41. h3 Kg6 42. g4 Rb7 43. Kg1 fxg4 44. hxg4 Rh7 45. d5 exd5 46. Rxd5 Rh4 47. Rd4 Kf6 48. Ra4 Kf7 49. Ra7+ Kg6 50. Ra6+ Kg7 1/2-1/2

[Event "Ufa"]
[Site "Ufa"]
[Date "1993.??.??"]
[Round "?"]
[White "Potapov, Alexander"]
[Black "Kozirev, Alexander"]
[Result "1/2-1/2"]
[WhiteElo "2380"]
[BlackElo "2335"]
[PlyCount "22"]
[EventDate "1993.??.??"]
[Source "ChessBase"]

1. d4 d5 2. c4 e6 3. Nf3 Nf6 4. Bg5 h6 5. Bh4 dxc4 6. Qa4+ Nbd7 7. Qxc4 a6 8. Nc3 b5 9. Qd3 Bb7 10. e3 c5 11. Be2 Be7 1/2-1/2

[Event "JUG Team Ch"]
[Site "Cetinje"]
[Date "1992.??.??"]
[Round "?"]
[White "Litinskaya, Marta I"]
[Black "Demina, Julia"]
[Result "1/2-1/2"]
[WhiteElo "2330"]
[BlackElo "2385"]
[PlyCount "40"]
[EventDate "1992.??.??"]
[Source "www.chesslib.no"]
[SourceDate "2004.05.04"]

1. d4 d5 2. c4 e6 3. Nf3 Nf6 4. Bg5 Be7 5. e3 Nbd7 6. Nc3 h6 7. Bh4 O-O 8. Rb1 dxc4 9. Bxc4 c5 10. O-O a6 11. Qc2 b5 12. Be2 cxd4 13. Nxd4 Bb7 14. a3 Rc8 15. Rfd1 Qb6 16. Bf3 Ne5 17. Bxb7 Qxb7 18. Bxf6 Bxf6 19. Qe4 Qb6 20. Nce2 Nc4 1/2-1/2

[Event "NOR Ch"]
[Site "Kristiansand"]
[Date "1987.??.??"]
[Round "?"]
[White "Gausel, Einar"]
[Black "Haugli, Petter"]
[Result "0-1"]
[WhiteElo "2315"]
[BlackElo "2370"]
[PlyCount "99"]
[EventDate "1987.??.??"]
[Source "www.chesslib.no"]
[SourceDate "2004.05.04"]

1. d4 d5 2. c4 e6 3. Nf3 Nf6 4. Bg5 Bb4+ 5. Nbd2 dxc4 6. Qc2 b5 7. a4 c6 8. axb5 cxb5 9. Bxf6 gxf6 10. e3 a6 11. Be2 Bb7 12. O-O Nd7 13. Rad1 O-O 14. Ne4 Rc8 15. Ng3 c3 16. e4 cxb2 17. Qxb2 Bc3 18. Qc1 Kh8 19. Qh6 Rg8 20. d5 Qe7 21. Bd3 Be5 22. Nxe5 fxe5 23. Bb1 Nf8 24. Qe3 Ng6 25. d6 Qf6 26. Qa7 Bc6 27. d7 Rcd8 28. Rd6 Ba8 29. Qxa6 Nf4 30. Rc1 Rxg3 31. hxg3 Ne2+ 32. Kf1 Nxc1 33. Qc8 Nb3 34. Ra6 Bxe4 35. Bxe4 Nd2+ 36. Kg1 Nxe4 37. Ra8 Qxf2+ 38. Kh2 Qxg3+ 39. Kg1 Qe1+ 40. Kh2 Qh4+ 41. Kg1 Qf2+ 42. Kh2 Qf4+ 43. Kg1 Rxc8 44. dxc8=Q+ Kg7 45. Qg8+ Kh6 46. Qf8+ Kh5 47. Ra3 Qf2+ 48. Kh2 Qf4+ 49. Kh1 Ng3+ 50. Rxg3 0-1

[Event "Zuerich Open"]
[Site "Zurich SUI"]
[Date "1988.??.??"]
[Round "5"]
[White "Bohm, Hans"]
[Black "Simon, Ralf-Axel"]
[Result "0-1"]
[WhiteElo "2390"]
[BlackElo "2285"]
[PlyCount "120"]
[EventDate "1988.??.??"]
[Source "www.chesslib.no"]
[SourceDate "2004.05.04"]

1. d4 d5 2. c4 e6 3. Nf3 Nf6 4. Bg5 h6 5. Bxf6 Qxf6 6. e3 Nd7 7. Nc3 c6 8. Qc2 Qd8 9. cxd5 exd5 10. Bd3 Bd6 11. h3 Nb6 12. O-O-O Be6 13. Kb1 Qc7 14. g4 O-O-O 15. Nh4 Rhe8 16. f4 Kb8 17. Ng2 Bc8 18. Rhf1 h5 19. Qe2 hxg4 20. hxg4 Rh8 21. Rh1 Bb4 22. Rxh8 Rxh8 23. Rc1 Rh3 24. a3 Be7 25. Ne1 Qd8 26. Nc2 Qh8 27. Rg1 Qh4 28. b3 Nd7 29. g5 Nf8 30. Qe1 Ng6 31. Qxh4 Nxh4 32. Kc1 Bd6 33. Nd1 Bxf4 34. Rf1 Bxg5 35. Rxf7 Bh6 36. Rf8 Rf3 37. Rh8 Kc7 38. Kd2 Rf7 39. Nc3 Bf5 40. Ne2 Nf3+ 41. Kc3 Bxd3 42. Kxd3 Ng5 43. Nc3 Rf2 44. Re8 Kd7 45. Rh8 Kc7 46. Re8 b5 47. Re7+ Kb6 48. b4 Nf3 49. Ne2 g5 50. Na1 Bf8 51. Rd7 a5 52. Nc2 axb4 53. axb4 g4 54. Rh7 Ng5 55. Rh4 Rg2 56. Ne1 Rf2 57. Nc2 g3 58. Nxg3 Nf3 59. Rf4 Rd2+ 60. Kc3 Rf2 0-1

[Event "CZE-chT 0304"]
[Site "CZE"]
[Date "2003.??.??"]
[Round "5"]
[White "Obsivac, Josef"]
[Black "Cech, Pavel"]
[Result "1/2-1/2"]
[WhiteElo "2344"]
[BlackElo "2331"]
[PlyCount "79"]
[EventDate "2003.10.??"]
[Source "Roberto Alvarez"]
[SourceDate "2004.02.16"]

1. d4 d5 2. c4 e6 3. Nf3 Nf6 4. Bg5 h6 5. Bh4 dxc4 6. Qa4+ Nbd7 7. Qxc4 c5 8. e3 cxd4 9. Nxd4 Bd6 10. Nc3 a6 11. Rd1 Qe7 12. Be2 g5 13. Bg3 Bxg3 14. hxg3 Ne5 15. Qb3 Kf8 16. O-O Kg7 17. f4 Neg4 18. Nc2 e5 19. Nd5 Nxd5 20. Rxd5 exf4 21. Bxg4 Bxg4 22. exf4 Be6 23. Qc3+ Qf6 24. Qxf6+ Kxf6 25. Rd6 Rhd8 26. Rb6 Rd5 27. a4 Kg7 28. Rxb7 Rd3 29. Re1 Rc8 30. Ne3 Rc5 31. fxg5 hxg5 32. g4 Rd4 33. b4 Rc3 34. Nf5+ Bxf5 35. gxf5 Kf6 36. Ree7 Kxf5 37. Rxf7+ Kg4 38. Rbd7 Rxd7 39. Rxd7 Rc4 40. b5 1/2-1/2

[Event "TCh-GRE"]
[Site "?"]
[Date "2004.07.09"]
[Round "7"]
[White "Vafiadis Kleanthis"]
[Black "Kofidis Andreas"]
[Result "0-1"]
[WhiteElo "2239"]
[BlackElo "2423"]
[PlyCount "98"]
[EventDate "2004.??.??"]
[Source "www.chesslib.no"]
[SourceDate "2004.05.04"]

1. d4 d5 2. c4 e6 3. Nf3 Nf6 4. Bg5 Be7 5. e3 Nbd7 6. Nc3 h6 7. Bh4 O-O 8. Bd3 b6 9. O-O Bb7 10. Qe2 Ne4 11. Bg3 Nxg3 12. hxg3 a6 13. Rfd1 Nf6 14. e4 dxe4 15. Nxe4 Qc8 16. Ne5 Rd8 17. Nxf6+ Bxf6 18. Qh5 Bxe5 19. Qxe5 c5 20. Be4 Bxe4 21. Qxe4 Qc7 22. d5 exd5 23. Rxd5 Rxd5 24. cxd5 Rd8 25. Rd1 b5 26. a4 Qd6 27. axb5 axb5 28. Qd3 c4 29. Qd4 Rc8 30. Qg4 Rc7 31. Qe4 Re7 32. Qf5 Rc7 33. Qf4 Rd7 34. Qe4 Rd8 35. Qd4 h5 36. Qe4 Qf6 37. Qe2 g6 38. Qd2 Qd6 39. Qd4 Rc8 40. Qf4 Qxf4 41. gxf4 Kf8 42. d6 Rb8 43. Kf1 Ke8 44. d7+ Kd8 45. Ke2 Rb7 46. Rd5 b4 47. Ke3 Rc7 48. Kd4 c3 49. bxc3 bxc3 0-1

[Event "Budapest FS11 IM-B"]
[Site "Budapest"]
[Date "1994.??.??"]
[Round "11"]
[White "Tseitlin, Mikhail S"]
[Black "Peredy, Ferenc"]
[Result "1/2-1/2"]
[WhiteElo "2440"]
[BlackElo "2210"]
[PlyCount "80"]
[EventDate "1994.11.??"]
[Source "ChessBase"]

1. d4 d5 2. c4 e6 3. Nf3 Nf6 4. Bg5 Nbd7 5. e3 Bb4+ 6. Nbd2 O-O 7. a3 Bxd2+ 8. Qxd2 dxc4 9. Bxc4 Ne4 10. Bxd8 Nxd2 11. Kxd2 Rxd8 12. Rhd1 Nb6 13. Bd3 Bd7 14. Ke2 c5 15. dxc5 Na4 16. Ne5 Nxc5 17. Nxd7 Rxd7 18. Rac1 Nxd3 19. Rxd3 Re7 20. e4 e5 21. Rc5 Kf8 22. Rdd5 f6 23. Kd3 Ke8 24. g3 Rd8 25. f4 Rxd5+ 26. Rxd5 exf4 27. gxf4 g6 28. h4 Rc7 29. a4 Rc1 30. Rb5 Rc7 31. a5 Kd7 32. b4 Kc8 33. Kd4 Rd7+ 34. Rd5 Rxd5+ 35. Kxd5 Kd7 36. b5 a6 37. bxa6 bxa6 38. e5 fxe5 39. Kxe5 Ke7 40. Kd5 Kd7 1/2-1/2

[Event "Techirghiol"]
[Site "?"]
[Date "1999.??.??"]
[Round "4"]
[White "Stroe Carol"]
[Black "Diulger Alexey"]
[Result "0-1"]
[WhiteElo "2345"]
[BlackElo "2300"]
[PlyCount "68"]
[EventDate "1999.??.??"]
[Source "www.chesslib.no"]
[SourceDate "2004.05.04"]

1. d4 d5 2. c4 e6 3. Nf3 Nf6 4. Bg5 c6 5. e3 Nbd7 6. Qc2 Qa5+ 7. Nc3 Ne4 8. cxd5 exd5 9. Bd3 Nxg5 10. Nxg5 h6 11. Nf3 Bd6 12. O-O O-O 13. Nh4 Nf6 14. f3 Qd8 15. Nf5 Bc7 16. Rac1 Re8 17. Rfe1 Bxf5 18. Bxf5 Qd6 19. g3 Re7 20. Qf2 Rae8 21. e4 dxe4 22. fxe4 Bb6 23. Rcd1 g6 24. Na4 gxf5 25. Nxb6 Nxe4 26. Qxf5 axb6 27. d5 Qc5+ 28. Kg2 Qc2+ 29. Kg1 Qc5+ 30. Kg2 Ng5 31. Rf1 Re5 32. Qg4 Re2+ 33. Kh1 Qc2 34. Qh5 Qe4+ 0-1

[Event "Erkelmem Open"]
[Site "Erkelmem"]
[Date "1992.??.??"]
[Round "?"]
[White "Chetverik, Maxim"]
[Black "Zemerov, Vladimir"]
[Result "1/2-1/2"]
[WhiteElo "2285"]
[BlackElo "2340"]
[PlyCount "103"]
[EventDate "1992.??.??"]
[Source "www.chesslib.no"]
[SourceDate "2004.05.04"]

1. d4 d5 2. c4 e6 3. Nf3 Nf6 4. Bg5 Bb4+ 5. Nbd2 h6 6. Bxf6 Qxf6 7. e3 O-O 8. a3 Bxd2+ 9. Qxd2 Nd7 10. cxd5 exd5 11. Qc2 c6 12. Bd3 b6 13. O-O c5 14. b3 Qd6 15. h3 Bb7 16. Bh7+ Kh8 17. Bf5 Rac8 18. Qb2 Rc7 19. Rac1 Kg8 20. Rfd1 Re8 21. dxc5 bxc5 22. b4 Nb6 23. bxc5 Rxc5 24. Qb4 Rxc1 25. Rxc1 Qxb4 26. axb4 Nc4 27. Nd4 g6 28. Bd3 Rc8 29. Ra1 a6 30. Nb3 Rb8 31. Nc5 Bc8 32. e4 Rxb4 33. exd5 Nb6 34. Bxa6 Bxa6 35. Rxa6 Nxd5 36. Kh2 Rb2 37. Nd3 Rd2 38. Ra3 h5 39. h4 Nf6 40. f3 Nd5 41. Kg3 Re2 42. Nc1 Rd2 43. Nd3 Kg7 44. Rb3 Re2 45. Rb2 Re7 46. Rd2 Ne3 47. Kf2 Nf5 48. g3 Rd7 49. Rd1 Rd5 50. Nb2 Re5 51. Rd2 Kf6 52. Nd1 1/2-1/2

[Event "Germany"]
[Site "?"]
[Date "2000.??.??"]
[Round "?"]
[White "Wegner Hannu"]
[Black "Jaeckle Marco"]
[Result "1/2-1/2"]
[WhiteElo "2360"]
[BlackElo "2260"]
[PlyCount "56"]
[EventDate "2000.??.??"]
[Source "www.chesslib.no"]
[SourceDate "2004.05.04"]

1. d4 d5 2. c4 e6 3. Nf3 Nf6 4. Bg5 c6 5. e3 Qa5+ 6. Nbd2 Ne4 7. Bf4 Nd7 8. a3 f5 9. Bd3 Qd8 10. Ne5 Nxd2 11. Qxd2 Nxe5 12. Bxe5 Bd6 13. Bxd6 Qxd6 14. O-O O-O 15. c5 Qe7 16. f4 Bd7 17. b4 g5 18. Rab1 a6 19. a4 Rf7 20. b5 axb5 21. axb5 gxf4 22. bxc6 Bxc6 23. Rxf4 Rg7 24. Bb5 Bxb5 25. Rxb5 Ra1+ 26. Rf1 Rxf1+ 27. Kxf1 Qh4 28. Kg1 Qe4 1/2-1/2

[Event "Portoroz op"]
[Site "Portoroz"]
[Date "1995.??.??"]
[Round "?"]
[White "Bukic, Enver"]
[Black "Sitnik, Igor"]
[Result "1/2-1/2"]
[WhiteElo "2445"]
[BlackElo "2165"]
[PlyCount "78"]
[EventDate "1995.04.??"]
[Source "ChessBase"]

1. d4 d5 2. c4 e6 3. Nf3 Nf6 4. Bg5 Be7 5. e3 O-O 6. Nbd2 c5 7. dxc5 Bxc5 8. cxd5 exd5 9. a3 Nc6 10. Be2 Be7 11. Nb3 Bg4 12. O-O Qb6 13. Nfd4 Bxe2 14. Qxe2 Rac8 15. Nxc6 bxc6 16. Nd4 c5 17. Nf5 Bd8 18. Rad1 Qe6 19. Qf3 Ne4 20. Bxd8 Rfxd8 21. Ng3 Nf6 22. Qf4 Rd7 23. b4 c4 24. Rc1 c3 25. Rc2 Rdc7 26. Qd4 Qa6 27. Ra1 Rc4 28. Qd1 Qe6 29. Ne2 Qe4 30. Rac1 Ng4 31. Rxc3 Qe5 32. Rxc4 Qxh2+ 33. Kf1 dxc4 34. Rxc4 Qh1+ 35. Ng1 Nh2+ 36. Ke2 Rf8 37. Nf3 Qxg2 38. Nxh2 Qxh2 39. Rd4 Qh5+ 1/2-1/2

[Event "Lisbon"]
[Site "Lisbon"]
[Date "1995.??.??"]
[Round "1"]
[White "Pinheiro, Jose"]
[Black "Silva, Fernando"]
[Result "1/2-1/2"]
[WhiteElo "2260"]
[BlackElo "2335"]
[PlyCount "101"]
[EventDate "1995.??.??"]
[Source "ChessBase"]

1. d4 d5 2. c4 e6 3. Nf3 Nf6 4. Bg5 c6 5. Nbd2 Nbd7 6. a3 Be7 7. Qc2 O-O 8. e3 h6 9. Bh4 a6 10. Be2 b5 11. cxb5 cxb5 12. Bg3 Bb7 13. Bc7 Qe8 14. Rc1 Rc8 15. Qd1 Ne4 16. O-O Bd8 17. Bxd8 Rxc1 18. Qxc1 Qxd8 19. Qb1 Qa5 20. Nb3 Qb6 21. Rc1 Rc8 22. Rxc8+ Bxc8 23. Ne1 Qc7 24. Qc2 Qxc2 25. Nxc2 Kf8 26. Nb4 Ke8 27. Nd3 Nd6 28. Kf1 Nc4 29. Ke1 Kd8 30. Kd1 Kc7 31. Kc2 Nf6 32. Nbc5 a5 33. Ne5 Nxe5 34. dxe5 Nd7 35. Nxd7 Bxd7 36. Kc3 f6 37. f4 fxe5 38. fxe5 Kc6 39. b4 a4 40. Kd4 Kb6 41. Bh5 Kc6 42. g3 Kb6 43. Bg6 Kc6 44. Kd3 Kc7 45. Ke2 Bc6 46. Bf7 Bd7 47. Kf3 Kc6 48. Bg6 Kc7 49. Kf4 Kd8 50. g4 Be8 51. Bd3 1/2-1/2

[Event "Caorle Open"]
[Site "Caorle ITA"]
[Date "1988.??.??"]
[Round "1"]
[White "Sinadinovic, Andjelko"]
[Black "Jovicic, Milos"]
[Result "1/2-1/2"]
[WhiteElo "2230"]
[BlackElo "2365"]
[PlyCount "68"]
[EventDate "1988.??.??"]
[Source "www.chesslib.no"]
[SourceDate "2004.05.04"]

1. d4 d5 2. c4 e6 3. Nf3 Nf6 4. Bg5 dxc4 5. Qa4+ Nbd7 6. Qxc4 a6 7. Qc2 c5 8. e3 cxd4 9. exd4 Be7 10. Be2 O-O 11. O-O Nb6 12. Nc3 Bd7 13. Ne5 Rc8 14. Qb3 Bc6 15. Nxc6 Rxc6 16. Bf3 Rd6 17. Bxb7 Nfd5 18. Bxd5 Nxd5 19. Bxe7 Nxe7 20. Qa3 Nf5 21. Ne2 Qb6 22. Rfd1 Rfd8 23. Rac1 h5 24. h3 h4 25. Qc3 Nxd4 26. Rxd4 Rxd4 27. Nxd4 Rxd4 28. b3 Qd6 29. Qf3 Qd8 30. Qb7 Rd1+ 31. Rxd1 Qxd1+ 32. Kh2 Qd6+ 33. Kg1 Qd1+ 34. Kh2 Qe2 1/2-1/2

[Event "POL Team Ch"]
[Site "Porabka"]
[Date "1986.??.??"]
[Round "?"]
[White "Bakalarz, Mieczyslaw"]
[Black "Weglarz, Leszek"]
[Result "1-0"]
[WhiteElo "2275"]
[BlackElo "2295"]
[PlyCount "71"]
[EventDate "1986.??.??"]
[Source "www.chesslib.no"]
[SourceDate "2004.05.04"]

1. d4 d5 2. c4 e6 3. Nf3 Nf6 4. Bg5 h6 5. Bh4 Bb4+ 6. Nc3 dxc4 7. Qa4+ Nc6 8. e3 Bd7 9. Qc2 b5 10. Be2 a6 11. O-O Be7 12. Rad1 O-O 13. Rd2 Nd5 14. Bg3 f5 15. h3 Rc8 16. e4 Ncb4 17. Qb1 fxe4 18. Nxe4 Nf4 19. Bxf4 Rxf4 20. Ne5 Qe8 21. Bg4 Bd6 22. g3 Bxe5 23. dxe5 Rxg4 24. hxg4 Nd3 25. f4 Bc6 26. Nf2 Nc5 27. b4 Na4 28. f5 Bb7 29. Nd1 Qc6 30. Kh2 c3 31. Rdf2 Rd8 32. f6 Rd2 33. Rxd2 cxd2 34. Ne3 Nc3 35. f7+ Kf8 36. Qh7 1-0

[Event "Open"]
[Site "?"]
[Date "2003.08.06"]
[Round "8"]
[White "Lasinskas Povilas"]
[Black "Kurenkov Nikolai"]
[Result "0-1"]
[WhiteElo "2156"]
[BlackElo "2410"]
[PlyCount "110"]
[EventDate "2003.??.??"]
[Source "www.chesslib.no"]
[SourceDate "2004.05.04"]

1. d4 d5 2. c4 e6 3. Nf3 Nf6 4. Bg5 h6 5. Bh4 c6 6. e3 Bb4+ 7. Nfd2 Nbd7 8. cxd5 exd5 9. Bd3 Nf8 10. O-O Be7 11. Nc3 Bg4 12. Qc2 Bh5 13. Rab1 Bg6 14. b4 Bxd3 15. Qxd3 Ne6 16. b5 c5 17. Bxf6 Bxf6 18. dxc5 Nxc5 19. Qc2 O-O 20. Na4 Ne6 21. Nb3 Qd6 22. Qd3 Qb4 23. Nb2 Qa3 24. Nd1 Qxa2 25. Nc3 Bxc3 26. Qxc3 Rac8 27. Qd3 Nc5 28. Qxd5 Rfd8 29. Qc4 Rd3 30. Qg4 Ne6 31. Rbc1 Rdc3 32. Rxc3 Rxc3 33. Nd4 Qc4 34. h3 Rc1 35. Rxc1 Qxc1+ 36. Kh2 Qc7+ 37. g3 Qc4 38. Qe4 Nxd4 39. exd4 Qxb5 40. d5 Qd7 41. Qe5 f6 42. Qb8+ Kf7 43. Qxa7 Qxd5 44. h4 Kg8 45. Qb6 Qc6 46. Qd8+ Kf7 47. Qa8 Qd5 48. Kg1 Kg6 49. Qe8+ Kh7 50. Qa8 Qe4 51. h5 Qb1+ 52. Kg2 b5 53. f4 b4 54. g4 Qb2+ 55. Kf3 Qa3+ 0-1